Štúdium zmien lipidov v priebehu technologického opracovania : Obh. 8.6.1992 /

Gespeichert in:
Bibliographische Detailangaben
1. Verfasser: Zajačková, Jana (Verfasst von)
Format: Manuskript Buch
Sprache:Slowakisch
Veröffentlicht: Bratislava : STU v Bratislave ChtF, 1992
Tags: Tag hinzufügen
Keine Tags, Fügen Sie das erste Tag hinzu!

MARC

LEADER 00000ntm a22000003a 4500
001 stu19151
005 20150617225752.6
008 920714s1992----cs------------------slo-d
040 |a STU  |b slo 
041 0 |a slo 
044 |a cs 
100 1 |a Zajačková, Jana  |4 aut 
245 1 |a Štúdium zmien lipidov v priebehu technologického opracovania :  |b Obh. 8.6.1992 /  |c [aut.]Zajačková,Jana 
260 |a Bratislava :  |b STU v Bratislave ChtF,  |c 1992 
300 |a 66 s :  |b Tab.,lit 
500 |a Špec.: Chémia a analýza potravín 
996 |b CD11069  |c C*D11069  |l CCI  |s A  |a 24  |w stu19151_0001